Die Ehescheidung nach dem gemeinen Kirchenrechte: für den Kuratklerus praktisch

Saved in:  
Bibliographic Details
Main Author: Weber, Johann 1495-1555 (Author)
Format: Print Book
Language:German
Subito Delivery Service: Order now.
Check availability: HBZ Gateway
Interlibrary Loan:Interlibrary Loan for the Fachinformationsdienste (Specialized Information Services in Germany)
Published: Freiburg Herder 1875
In:Year: 1875

MARC

LEADER 00000cam a2200000 c 4500
001 111221514X
003 DE-627
005 20240430203303.0
007 tu
008 941125s1875 xx ||||| 00| ||ger c
035 |a (DE-627)111221514X 
035 |a (DE-576)042215145 
035 |a (DE-599)BSZ042215145 
040 |a DE-627  |b ger  |c DE-627  |e rakwb 
041 |a ger 
084 |a 1  |2 ssgn 
100 1 |0 (DE-588)1060500086  |0 (DE-627)800125347  |0 (DE-576)416577628  |4 aut  |a Weber, Johann  |d 1495-1555 
109 |a Weber, Johann 1495-1555  |a Weber, Johannes 1495-1555  |a Textor, Johannes 1495-1555  |a Textor, Johann 1495-1555 
245 1 4 |a Die Ehescheidung nach dem gemeinen Kirchenrechte  |b für den Kuratklerus praktisch  |c dargestellt von J. Weber 
264 1 |a Freiburg  |b Herder  |c 1875 
300 |a IX, XCV S. 
336 |a Text  |b txt  |2 rdacontent 
337 |a ohne Hilfsmittel zu benutzen  |b n  |2 rdamedia 
338 |a Band  |b nc  |2 rdacarrier 
583 1 |a Archivierung prüfen  |c 20200919  |f DE-640  |z 2  |2 pdager 
583 1 |a Archivierung/Langzeitarchivierung gewährleistet  |f PEBW  |h DE-31  |x XA-DE-BW  |2 pdager  |5 DE-21 
601 |a Ehescheidung 
601 |a Kirchenrecht 
935 |a mteo 
951 |a BO 
CAN |a 1 
ELC |b 1 
ITA |a 1 
LOK |0 000 xxxxxcx a22 zn 4500 
LOK |0 001 2243537540 
LOK |0 003 DE-627 
LOK |0 004 111221514X 
LOK |0 005 20200630120656 
LOK |0 008 000502||||||||||||||||ger||||||| 
LOK |0 040   |a DE-21-35  |c DE-627  |d DE-21-35 
LOK |0 541   |e 1959/13109 
LOK |0 852   |a DE-21-35 
LOK |0 852 1  |c Ni 5.54  |m p  |9 00 
LOK |0 938   |k p 
LOK |0 939   |a 02-05-00  |b l01 
LOK |0 000 xxxxxcx a22 zn 4500 
LOK |0 001 2243537559 
LOK |0 003 DE-627 
LOK |0 004 111221514X 
LOK |0 005 20100508105849 
LOK |0 008 020925||||||||||||||||ger||||||| 
LOK |0 040   |a DE-21-24  |c DE-627  |d DE-21-24 
LOK |0 541   |e 67/091 
LOK |0 852   |a DE-21-24 
LOK |0 852 1  |c S,VIh,55  |m p  |9 00 
LOK |0 935   |a ALAS 
LOK |0 936ln  |a S,VIh, 
LOK |0 938   |k p 
LOK |0 939   |a 25-09-02  |b l01 
ORI |a SA-MARC-ixtheoa001.raw 
SUB |a CAN